000 00397nam a2200145 4500
001 139741
003 ES-MaACL
007 t|
008 070214s1928 gw r ||||1| ger d
100 1 _aSchnee, Heinrich.
_9104546
245 1 0 _aDie koloniale Schuldlüge /
_cHeinrich Schnee.
260 _aMünchen :
_bR. Oldeubourg,
_c1928.
300 _a104 p. :
_bil. ;
_c22 cm.
852 _aES-MaACL
_jB-3503
999 _c139741
_d139741